Vista normal
Vista MARC
Entrada Personal Name
Número de registros utilizados en: 1
001 - CONTROL NUMBER
- control field: 15632
003 - CONTROL NUMBER IDENTIFIER
- control field: DLC
005 - DATE AND TIME OF LATEST TRANSACTION
- control field: 20240426153312.0
008 - FIXED-LENGTH DATA ELEMENTS
- fixed length control field: 870819n| azannaabn |n aaa
010 ## - LIBRARY OF CONGRESS CONTROL NUMBER
- LC control number: n 87859141
035 ## - SYSTEM CONTROL NUMBER
- System control number: (OCoLC)oca01921700
040 ## - CATALOGING SOURCE
- Original cataloging agency: DNLM
- Language of cataloging: spa
- Description conventions: rda
- Transcribing agency: Mx-PuUPA
- Modifying agency: DNLM
- Modifying agency: InU
- Modifying agency: PSt
- Modifying agency: Mx-PuUPA
046 ## - SPECIAL CODED DATES
- Birth date: 1943
- Source of date scheme: edtf
100 1# - HEADING--PERSONAL NAME
- Personal name: Smeltzer, Suzanne C. O'Connell,
- Dates associated with a name: 1943-
374 ## - OCCUPATION
- Occupation: Autor
- Occupation: Enfermera educadora
- Occupation: Profesora universitaria
- Source of term: lcsh
375 ## - GENDER
- Gender: mujer
377 ## - ASSOCIATED LANGUAGE
- Language code: eng
670 ## - SOURCE DATA FOUND
- Source citation: Textbook of medical-surgical nursing, c1988:
- Information found: CIP t.p. (Suzanne C. O'Connell Smeltzer, R.N., M.S., Ed.D., assist. prof., Rutgers Univ. College of Nursing, Newark, N.J.)
670 ## - SOURCE DATA FOUND
- Source citation: Brunner and Suddarth's textbook of medical-surgical nursing, c1992:
- Information found: CIP t.p. (Suzanne C. Smeltzer, RN, MS, EdD; associate prof. & nurse researcher, Dept. of Nursing, Thomas Jefferson Univ., Philadelphia. PA)
670 ## - SOURCE DATA FOUND
- Source citation: Delivering quality healthcare for people with disability, 2021:
- Information found: ECIP title page (Suzanne C. Smeltzer, EDD, RN, ANEF, FAAN) ECIP data view (b. 1943; Richard and Marianne Kreider Endowed Professor in Nursing for Vulnerable Populations at Villanova University's M. Louise Fitzpatrick College of Nursing)